El hechizo de Gauguín / (Record no. 630)

000 -CABECERA
fixed length control field 00874nam a22002057a 4500
003 - IDENTIFICADOR DEL NÚMERO DE CONTROL
control field AR-CdUCM
008 - DATOS DE LONGITUD FIJA--INFORMACIÓN GENERAL
fixed length control field 190225b ||||| |||| 00| 0 spa d
040 ## - FUENTE DE LA CATALOGACIÓN
Agencia/entidad que catalogó originalmente la obra MUNICIPALIDAD PROVINCIAL DEL CUSCO
Entidad que transcribió la catalogación BIBLIOTECA MUNICIPAL DEL CUSCO
082 ## - NÚMERO DE LA CLASIFICACIÓN DECIMAL DEWEY
No. de Clasificación 927 /
Notacion interna C83
100 ## - ENTRADA PRINCIPAL--NOMBRE DE PERSONA
Nombre Personal Cossio del Pomar, Felipe
245 ## - MENCIÓN DE TÍTULO
Título El hechizo de Gauguín /
260 ## - PUBLICACIÓN, DISTRIBUCIÓN, ETC.
Lugar de publicación, distribución, etc. Piura :
Nombre de la editorial, distribuidor, etc. Consejo Provincial de Piura,
Fecha de publicación, distribución, etc. 1994.
300 ## - DESCRIPCIÓN FÍSICA
Nº de Páginas Extensión 251 páginas ;
Dimensiones 20 cm.
505 ## - NOTA DE CONTENIDO CON FORMATO
Nota de contenido formateada Paul Gauguín ( o Pablo Gauguín como castellaniza Cossío) es retratado aquí en la plenitud de su desgarrada existencia y de su atormentada lucha diaria por encontrarse consigo mismo, teniendo como telón de fondo la deslumbrante época de los "ismos".
650 ## - PUNTO DE ACCESO ADICIONAL DE MATERIA--TÉRMINO DE MATERIA
Descriptor Paul Gauin, 1848-1903
9 (RLIN) 2453
650 ## - PUNTO DE ACCESO ADICIONAL DE MATERIA--TÉRMINO DE MATERIA
Descriptor Pintores Franceses
9 (RLIN) 2454
650 ## - PUNTO DE ACCESO ADICIONAL DE MATERIA--TÉRMINO DE MATERIA
Descriptor Biografía
9 (RLIN) 22
942 ## - ELEMENTOS DE PUNTO DE ACCESO ADICIONAL (KOHA)
Fuente de clasificación
Tipo de item Libros-BMC
945 ## - PROCESAMIENTO DE INFORMACIÓN LOCAL (OCLC)
Catalogador lccs
AAAA-MM-DD - Fecha de ingreso o modificacion 2017-02-25
Holdings
Estado de retiro (separado) Fuente de clasificación o esquema de estanterías Estado dañado Ubicación Sala donde se ubica Nombre de la colección Fecha de adquisición o compra Costo, precio normal en soles Signatura topográfica Código de Barras Última vez visto (Koha) Tipo de ítem (Koha)
No     Sala Humanidades Sala Humanidades Book Cart 2019-02-25 25.00 927 / C83 SH0000000814 2019-02-25 Libros-BMC

Powered by Koha